| 000 | 00637nam a2200193Ii 4500 | ||
|---|---|---|---|
| 003 | JO-AjNU | ||
| 008 | 230605s9999||||xx |||||||||||||| ||und|| | ||
| 040 |
_aJO-AjNU _bara _erda _cJO-AjNU |
||
| 041 | _aara | ||
| 050 | 1 | 4 | _aBP165.5.H3434 |
| 100 | 3 |
_aحكمي،حافظ بن أحمد, _eauthor _912858 |
|
| 245 | 0 | 0 | _a200سؤال وجواب في العقيدة الإسلامية |
| 264 | 3 | 1 | _aد.م: دار الاعتصام، د.ت |
| 300 | _a141ص | ||
| 336 |
_atext _btxt _2rdacontent |
||
| 337 |
_aunmediated _bn _2rdamedia |
||
| 338 |
_avolume _bnc _2rdacarrier |
||
| 650 | 4 |
_aعقيدة إسلامية- اسئلة وأجوبة _912859 |
|
| 999 |
_aA3050 _c6618 _d6618 |
||